Kamu müdahalelerinde katkısallığın değerlendirilmesi: (Record no. 4786)

MARC details
000 -BAŞLIK
Sabit Uzunlukta Kontrol Alanı 00900na a2200253 4500
001 - KONTROL NUMARASI
Denetim Alanı 18336
003 - KONTROL NUMARASI IDENTIFIER
Denetim Alanı MIRAKIL
005 - SON İŞLEM TARİHİ VE ZAMANI
Denetim Alanı 20181213155018.0
008 - SABİT-BOY VERİ ELEMANLARI - GENEL BİLGİLER
Sabit Uzunlukta Kontrol Alanı 161116b tu 000 0
020 ## - ULUSLARARASI STANDART KİTAP NUMARASI
Uluslararası Standart Kitap Numarası 9789751952561
040 ## - KATALOGLAMA KAYNAK
Orijinal Kataloglama Ajansı Milas
Kataloglama Dili tur
Metne Dönüştürmek Ajansı TR-AnCHP
041 ## - DİL KODU
Metin / Ses Parça Veya Ayrı Başlığın Dil Kodu tur
082 ## - DEWEY ONLU SINIFLANDIRMA NUMARASI
Sınıflandırma Numarası 338.642
Ürün Numarası E67k 2012
090 ## - SINIFLAMA NUMARASI
Sınıflama Numarası 338.642 E67k 2012
100 ## - ANA GİRİŞ - KİŞİSEL İSİM
Kişisel Ad Ersayın, Zeyneb
245 ## - BAŞLIK TABLOSU
Başlık Kamu müdahalelerinde katkısallığın değerlendirilmesi:
Başlığın Kalan Çukurova ve İzmir kalkınma ajansları KOBİ destekleri örneği uzmanlık tezi
Sorumluluk Tablosu, Vb Zeyneb Ersayın
246 ## - UNVAN FORM VARYING
Başlık Doğru / Kısa Başlığı Çukurova ve İzmir kalkınma ajansları KOBİ destekleri örneği uzmanlık tezi
260 ## - YAYIN, DAĞITIM, VB
Yayın, Dağıtım, Vb Yeri Ankara
Yayıncı, Dağıtıcı, Vs Adı Kalkınma Bakanlığı
Yayın, Dağıtım, Vb Tarihi 2012
300 ## - FİZİKSEL TANIM
Kapsam 181 s.
Diğer Fiziksel Ayrıntıları tbl.;graf.
Boyutlar 23 sm.
490 ## - SERİSİ TABLOSU
Seri Beyanı Kalkınma Bakanlığı yayınları
Hacim / Ardışık Tanımı yayın no:2832
504 ## - KAYNAKÇA VB NOT
Kaynakça Vb Notu Kaynakça ve dizin var.
650 ## - KONU KATMA GİRİŞ - TOPİKAL DÖNEM
Topikal Süreli Veya Coğrafi Ad Giriş Elemanı Kobiler
Genel Alt Bölümü destekler
942 ## - EKLENDİ GİRİŞ ELEMANLARI (KOHA)
Sınıflandırma Veya Raf Düzeni Kaynak Dewey Decimal Classification
Koha Öğesi Türü Books
999 ## - SİSTEM KONTROL NUMARALARI (KOHA)
Koha Biblionumber 4786
Koha Biblioitemnumber 4786
Holdings
Kalıcı Konum Mevcut Konum Edinme Tarihi Edinim Kaynak Toplam Check-Out'Lar Tam Çağrı Numarası Barkod Tarih Son Görülme İtibaren Geçerli Fiyatlar Koha Öğesi Türü
CHP Kütüphanesi CHP Kütüphanesi 11/16/2016 Bağış   338.642 E67k 2012 009855 11/16/2016 11/16/2016 Books